[Event "5th American Continental (w)"]
[Site "Cali COL"]
[Date "2009.09.01"]
[Round "1.1"]
[White "Fierro Baquero, Martha"]
[Black "Aliaga Fernandez, Ingrid"]
[Result "1-0"]
[WhiteElo "2386"]
[BlackElo "2140"]
[EventDate "2009.09.01"]
[PlyCount "135"]

1.e4 c5 2.Nf3 e6 3.d4 cxd4 4.Nxd4 a6 5.Bd3 Qc7 6.O-O Nf6 7.Nc3 d6 8.Kh1 
Be7 9.f4 Nc6 10.Nxc6 bxc6 11.Qf3 e5 12.fxe5 dxe5 13.Bc4 O-O 14.Bg5 a5 15.
Ne2 Bg4 16.Qe3 Qa7 17.Ng3 Bc5 18.Qe1 Ne8 19.h3 Nd6 20.Bd3 Be6 21.Qe2 f6 
22.Bd2 Kh8 23.b3 Rad8 24.a4 Bb6 25.Bc3 c5 26.Nf5 Bxf5 27.exf5 e4 28.Bxe4 
Rde8 29.Rf4 Bc7 30.Qd3 Bb8 31.Be1 Nf7 32.Rf1 Ng5 33.Bd5 Qc7 34.g3 Nxh3 35.
Kg2 Ng5 36.Bf2 Re5 37.Rae1 Rfe8 38.Rxe5 Rxe5 39.Re1 Rxe1 40.Bxe1 Qd8 41.
Qc4 Ba7 42.Bf2 Qd6 43.c3 g6 44.b4 axb4 45.cxb4 Qd7 46.Bxc5 Bxc5 47.Qxc5 
Kg7 48.a5 Qxf5 49.a6 Qh3+ 50.Kf2 Qh2+ 51.Ke3 Qxg3+ 52.Kd2 Qf4+ 53.Kc2 Qf5+
54.Kb2 Qe5+ 55.Kb3 Ne4 56.Bxe4 Qxe4 57.a7 Qd3+ 58.Ka4 Qa6+ 59.Qa5 Qc6+ 60.
Qb5 Qa8 61.Qb8 Qc6+ 62.Ka5 Qd5+ 63.Ka6 Qd3+ 64.Qb5 Qd6+ 65.Qb6 Qd3+ 66.b5 
Qa3+ 67.Kb7 Qf3+ 68.Qc6 1-0

[Event "5th American Continental (w)"]
[Site "Cali COL"]
[Date "2009.09.01"]
[Round "1.2"]
[White "Ubaldo Suarez, Maria Gisela"]
[Black "Cori Tello, Deysi"]
[Result "0-1"]
[WhiteElo "2120"]
[BlackElo "2361"]
[EventDate "2009.09.01"]
[PlyCount "125"]

1.d4 Nf6 2.c4 e6 3.Nc3 Bb4 4.Qc2 b6 5.a3 Bxc3+ 6.Qxc3 Ba6 7.Bg5 d6 8.e3 
Nbd7 9.Bd3 Rc8 10.b4 h6 11.Bh4 c5 12.dxc5 bxc5 13.b5 Bb7 14.Nf3 O-O 15.O-O
Qc7 16.Rfd1 Rfe8 17.a4 Ne4 18.Qc2 f5 19.Nd2 d5 20.f3 Nxd2 21.Rxd2 f4 22.
Re1 fxe3 23.Rxe3 Qf4 24.Bf2 Ne5 25.Rde2 Nxd3 26.Qxd3 dxc4 27.Qd7 Qf7 28.
Qxf7+ Kxf7 29.Rc2 Bd5 30.Bg3 Re7 31.f4 g6 32.Rb2 Rb7 33.Be1 Rcb8 34.Bc3 
Rd7 35.Be5 Rbd8 36.a5 Bb7 37.Ree2 Rd3 38.Rec2 Bd5 39.b6 axb6 40.axb6 Rd7 
41.Kf2 g5 42.Bc7 c3 43.Rb1 Be4 44.Rbc1 Rd2+ 45.Rxd2 cxd2 46.Rd1 Bc2 47.b7 
Bxd1 48.b8=Q Bc2 49.Bd6 Rxd6 50.Qc7+ Kf6 51.Qxd6 d1=Q 52.Qf8+ Kg6 53.Qe8+ 
Kf5 54.Qf7+ Ke4 55.Qxe6+ Kd4 56.Qd6+ Kc4 57.Qa6+ Kc3 58.Qa3+ Kd4 59.Qe3+ 
Kc4 60.fxg5 Qd4 61.gxh6 Bh7 62.Ke2 Qe4 63.Qxe4+ 0-1

[Event "5th American Continental (w)"]
[Site "Cali COL"]
[Date "2009.09.01"]
[Round "1.3"]
[White "Amura, Claudia"]
[Black "Orozco Lopez, Luz Elena"]
[Result "0-1"]
[WhiteElo "2335"]
[BlackElo "2118"]
[EventDate "2009.09.01"]
[PlyCount "70"]

1.Nf3 Nf6 2.c4 e6 3.Nc3 Bb4 4.g3 O-O 5.Bg2 d5 6.O-O c6 7.d4 Bxc3 8.bxc3 
Qa5 9.Qb3 Ne4 10.cxd5 exd5 11.Ba3 Re8 12.Rac1 Nd7 13.Rfd1 b5 14.h4 Qc7 15.
Ng5 Nxg3 16.fxg3 Qxg3 17.Rd3 Qxh4 18.Nf3 Qh5 19.Re1 Nf6 20.Ne5 Qh4 21.Rf1 
Bg4 22.e4 Be6 23.exd5 Nxd5 24.Qd1 Rac8 25.Bc1 f6 26.Nf3 Qh5 27.Nh2 Qg6 28.
Qf3 Nb6 29.Qf4 Qxd3 30.Be4 Qh3 31.Rf3 Qh5 32.Rg3 Nd5 33.Qf1 Kh8 34.a4 a6 
35.Bd3 Rc7 0-1

[Event "5th American Continental (w)"]
[Site "Cali COL"]
[Date "2009.09.01"]
[Round "1.4"]
[White "Orozco Lopez, Lina Yomayra"]
[Black "Arribas Robaina, Maritza"]
[Result "0-1"]
[WhiteElo "2117"]
[BlackElo "2328"]
[EventDate "2009.09.01"]
[PlyCount "73"]

1.e4 d6 2.d4 Nf6 3.Bd3 e5 4.d5 Be7 5.Ne2 Nbd7 6.b4 a5 7.bxa5 Rxa5 8.Bd2 
Ra8 9.Ng3 O-O 10.h3 Nc5 11.Be3 c6 12.Bxc5 Qa5+ 13.Nd2 Qxc5 14.c4 Ra3 15.
Be2 Qa7 16.Qc2 Bd7 17.Nb1 Ra5 18.O-O cxd5 19.exd5 b5 20.Nc3 bxc4 21.Rfd1 
g6 22.Qd2 Rc8 23.h4 Ng4 24.Bxg4 Bxg4 25.Re1 Bxh4 26.Kh2 f5 27.Qh6 Qe7 28.
Qd2 Qg5 29.Qb2 e4 30.Qb4 Rac5 31.Na4 Rxd5 32.Nb6 Rd2 33.Nxc8 Bxg3+ 34.fxg3
Bf3 35.Qxc4+ Kg7 36.Qe2 f4 37.Ne7 0-1

[Event "5th American Continental (w)"]
[Site "Cali COL"]
[Date "2009.09.01"]
[Round "1.5"]
[White "Lujan, Carolina"]
[Black "Salazar Cardona, Aura Cristina"]
[Result "1-0"]
[WhiteElo "2295"]
[BlackElo "2069"]
[EventDate "2009.09.01"]
[PlyCount "107"]

1.e4 c5 2.Nf3 d6 3.g3 Nc6 4.Bg2 g6 5.O-O Bg7 6.c3 e5 7.d3 Nge7 8.a3 a5 9.
a4 O-O 10.Na3 d5 11.exd5 Nxd5 12.Re1 Bf5 13.Nb5 Qd7 14.Ng5 Rad8 15.Ne4 b6 
16.Ned6 Qe6 17.Nxf5 gxf5 18.Qe2 Qg6 19.Bd2 Rd7 20.Rad1 Rfd8 21.Na3 Re7 22.
Qf3 Red7 23.Nc4 Nde7 24.Bc1 Rb8 25.Qe2 Nd5 26.Qf1 f4 27.Bf3 fxg3 28.fxg3 
f5 29.Qh3 Rbd8 30.Bh5 Qe6 31.Rf1 Nce7 32.Rde1 Nc7 33.Bf4 e4 34.Bxc7 Rxc7 
35.Rxe4 Qh6 36.Rh4 Qe6 37.g4 Rcd7 38.gxf5 Qf6 39.Be2 h6 40.Re4 Rf8 41.Ne3 
Nd5 42.Kh1 Qc6 43.Qg2 Nf6 44.Re6 Qxa4 45.Rxb6 Qh4 46.Re6 Rb8 47.Nc4 a4 48.
Ne5 Rc7 49.Nc4 Kh8 50.Rf3 Nd5 51.Rh3 Qe1+ 52.Bf1 Qc1 53.Ne5 Nf4 54.Rexh6+ 
1-0

[Event "5th American Continental (w)"]
[Site "Cali COL"]
[Date "2009.09.01"]
[Round "1.6"]
[White "Romero Echeverria, Abigail"]
[Black "Vasquez Ramirez, Rocio"]
[Result "0-1"]
[WhiteElo "2064"]
[BlackElo "2285"]
[EventDate "2009.09.01"]
[PlyCount "66"]

1.e4 c5 2.c3 d5 3.exd5 Qxd5 4.d4 Nf6 5.Nf3 Bg4 6.Be2 cxd4 7.cxd4 e6 8.h3 
Bh5 9.O-O Nc6 10.Be3 Bb4 11.a3 Be7 12.Nc3 Qd7 13.Qb3 O-O 14.Rfd1 Na5 15.
Qb5 Qxb5 16.Nxb5 Nd5 17.Rac1 Nb3 18.Rc4 Rfc8 19.Nxa7 Rxc4 20.Bxc4 Nxe3 21.
fxe3 Na5 22.Bxe6 fxe6 23.Nb5 Rc8 24.Kf2 Nb3 25.Nc3 Bxa3 26.bxa3 Rxc3 27.
Rb1 Bxf3 28.gxf3 Na5 29.a4 Ra3 30.Rb4 Kf7 31.e4 Kf6 32.Kg3 Nc6 33.Rc4 Rd3 
0-1

[Event "5th American Continental (w)"]
[Site "Cali COL"]
[Date "2009.09.01"]
[Round "1.7"]
[White "Ordaz Valdes, Lisandra"]
[Black "Castrillon Gomez, Melissa"]
[Result "0-1"]
[WhiteElo "2283"]
[BlackElo "2031"]
[EventDate "2009.09.01"]
[PlyCount "58"]

1.d4 Nf6 2.c4 g6 3.Nc3 Bg7 4.e4 d6 5.f4 O-O 6.Nf3 c5 7.d5 e6 8.dxe6 fxe6 
9.Bd3 Nc6 10.O-O a6 11.Ng5 Nd4 12.Be3 h6 13.e5 dxe5 14.fxe5 Nd7 15.Rxf8+ 
Bxf8 16.Nh3 Nxe5 17.Nf4 g5 18.Nfe2 Nxd3 19.Nxd4 Nxb2 20.Qc2 cxd4 21.Qg6+ 
Bg7 22.Rf1 dxe3 23.h4 Nxc4 24.Rf7 Qd4 25.Ne4 e2+ 26.Kh2 Nd6 27.hxg5 Qe5+ 
28.Kh3 Nxe4 29.gxh6 Ng5+ 0-1

[Event "5th American Continental (w)"]
[Site "Cali COL"]
[Date "2009.09.01"]
[Round "1.8"]
[White "Chumpitaz Carbajal, Ann"]
[Black "Linares Napoles, Oleiny"]
[Result "0-1"]
[WhiteElo "2017"]
[BlackElo "2265"]
[EventDate "2009.09.01"]
[PlyCount "58"]

1.e4 d6 2.d4 Nf6 3.Nc3 g6 4.f4 Bg7 5.Nf3 c5 6.d5 O-O 7.Bc4 b5 8.Bxb5 Nxe4 
9.Nxe4 Qa5+ 10.Nc3 Bxc3+ 11.bxc3 Qxb5 12.Kf2 Nd7 13.Re1 Re8 14.Ng5 Nf6 15.
Ne4 Bf5 16.Nxf6+ exf6 17.Rxe8+ Rxe8 18.Be3 Qc4 19.Rb1 Be4 20.a3 Qxc3 21.
Qd2 Qxa3 22.Rb7 Bxc2 23.Rd7 Be4 24.Rxd6 Rb8 25.f5 h5 26.Kg3 Rb2 27.Ra6 Qb3
28.Qc1 Rxg2+ 29.Kh3 Qxd5 0-1

[Event "5th American Continental (w)"]
[Site "Cali COL"]
[Date "2009.09.01"]
[Round "1.10"]
[White "Mendoza Velazquez, Lorena Aleja"]
[Black "Sanchez Castillo, Sarai"]
[Result "0-1"]
[WhiteElo "1973"]
[BlackElo "2224"]
[EventDate "2009.09.01"]
[PlyCount "56"]

1.c4 e5 2.g3 Nf6 3.Bg2 d5 4.cxd5 Nxd5 5.Nc3 Nb6 6.Nf3 Nc6 7.d3 Be7 8.O-O 
O-O 9.Be3 Be6 10.a3 f5 11.Na4 f4 12.Bc5 Bd6 13.b4 h6 14.d4 Nxa4 15.Qxa4 e4
16.Nh4 Bxc5 17.dxc5 Nd4 18.Rae1 Bb3 19.Qa5 f3 20.exf3 exf3 21.Bh3 Rf6 22.
c6 b5 23.Re3 Bc4 24.Rfe1 Be2 25.R3xe2 fxe2 26.Bg4 Qd6 27.a4 Raf8 28.f4 
Rxf4 0-1

[Event "5th American Continental (w)"]
[Site "Cali COL"]
[Date "2009.09.01"]
[Round "1.11"]
[White "Ortiz Aguirre, Nadya Karolina"]
[Black "Panesso Rivera, Jenny"]
[Result "1-0"]
[WhiteElo "2218"]
[BlackElo "1971"]
[EventDate "2009.09.01"]
[PlyCount "41"]

1.e4 e6 2.d4 d5 3.Nd2 dxe4 4.Nxe4 Bd7 5.Nf3 Bc6 6.Bd3 Nf6 7.Ng3 Nbd7 8.O-O
Be7 9.Re1 O-O 10.c3 Bxf3 11.Qxf3 c6 12.Bg5 Qa5 13.Ne4 h6 14.Bd2 Nxe4 15.
Rxe4 Bg5 16.Be1 Qf5 17.Qe2 Rad8 18.h4 Be7 19.Bd2 Kh8 20.Re5 Qf6 21.Bg5 1-0

[Event "5th American Continental (w)"]
[Site "Cali COL"]
[Date "2009.09.01"]
[Round "1.12"]
[White "Salazar Dirsa, Marcela"]
[Black "Ramon Pita, Vivian"]
[Result "0-1"]
[WhiteElo "1946"]
[BlackElo "2217"]
[EventDate "2009.09.01"]
[PlyCount "80"]

1.e4 c6 2.d4 d5 3.Nc3 g6 4.Nf3 Bg7 5.g3 dxe4 6.Nxe4 Bg4 7.c3 Nd7 8.Bg2 
Ngf6 9.Nxf6+ Nxf6 10.Qb3 Qc8 11.Ne5 Be6 12.Qd1 O-O 13.O-O Nd7 14.Nxd7 Qxd7
15.Bg5 h6 16.Bf4 Bd5 17.Re1 Bxg2 18.Kxg2 e6 19.h4 Rad8 20.Qe2 Rfe8 21.Kg1 
Qd5 22.Qg4 h5 23.Qd1 Qf5 24.Qb3 Rd7 25.Qa4 a6 26.Rad1 Red8 27.Qb4 c5 28.
Qa4 cxd4 29.Bg5 f6 30.Bc1 d3 31.Qc4 d2 32.Rxe6 Kh7 33.Bxd2 Rxd2 34.Rf1 Qd5
35.Qxd5 R8xd5 36.Rb6 Rb5 37.Rxb5 axb5 38.Rb1 Bf8 39.f3 Bc5+ 40.Kh1 Kg7 0-1

[Event "5th American Continental (w)"]
[Site "Cali COL"]
[Date "2009.09.01"]
[Round "1.13"]
[White "Llaudy Pupo, Lisandra"]
[Black "Gutierrez Salazar, Leonela Karina"]
[Result "1-0"]
[WhiteElo "2212"]
[BlackElo "1920"]
[EventDate "2009.09.01"]
[PlyCount "35"]

1.e4 c5 2.Nf3 d6 3.d3 Nc6 4.g3 g6 5.Bg2 Bg7 6.O-O e6 7.c3 Nge7 8.d4 cxd4 
9.cxd4 Qb6 10.d5 Bxb2 11.Bxb2 Qxb2 12.dxc6 Qxa1 13.Qb3 Qf6 14.cxb7 Bxb7 
15.Qxb7 O-O 16.Nbd2 Rfc8 17.e5 dxe5 18.Ne4 1-0

[Event "5th American Continental (w)"]
[Site "Cali COL"]
[Date "2009.09.01"]
[Round "1.14"]
[White "Mesa Brenda, Sofia"]
[Black "Fandino Reyes, Roquelina"]
[Result "0-1"]
[WhiteElo "1894"]
[BlackElo "2199"]
[EventDate "2009.09.01"]
[PlyCount "114"]

1.e4 e5 2.Nf3 d6 3.Bc4 Be7 4.Nc3 Nf6 5.d4 exd4 6.Nxd4 O-O 7.O-O c6 8.Bf4 
b5 9.Bd3 a6 10.Re1 c5 11.Nf5 Bxf5 12.exf5 Nc6 13.Ne4 d5 14.Nxf6+ Bxf6 15.
c3 Qd7 16.Qd2 Rfd8 17.Bc2 Rac8 18.Rad1 Qb7 19.Qe3 d4 20.cxd4 cxd4 21.Qf3 
Qb6 22.Be4 h6 23.a3 Na5 24.Rc1 Nc4 25.b3 Nd6 26.Bxd6 Qxd6 27.b4 Rc3 28.
Rxc3 dxc3 29.g3 Qd2 30.Qe2 Qxe2 31.Rxe2 Rd1+ 32.Kg2 Ra1 33.Rc2 Rxa3 34.Bb7
Ra4 35.f4 Rxb4 36.Kf3 a5 37.Be4 Rc4 38.Bd3 Rc5 39.Ke2 b4 40.Kd1 b3 41.Rc1 
a4 42.g4 a3 43.Bb1 c2+ 44.Bxc2 bxc2+ 45.Rxc2 Rxc2 46.Kxc2 a2 47.Kd3 a1=Q 
48.Ke4 Qd4+ 49.Kf3 Bh4 50.Ke2 Qxf4 51.Kd3 Bf2 52.Kc3 Qd4+ 53.Kc2 Be1 54.
Kb3 Qc3+ 55.Ka2 Qb4 56.g5 Bc3 57.f6 Qb2# 0-1

[Event "5th American Continental (w)"]
[Site "Cali COL"]
[Date "2009.09.01"]
[Round "1.15"]
[White "Hernandez Guerrero, Yadira"]
[Black "Chavez Restrepo, Diana Maria"]
[Result "1-0"]
[WhiteElo "2199"]
[BlackElo "1884"]
[EventDate "2009.09.01"]
[PlyCount "89"]

1.Nf3 Nf6 2.d4 e6 3.g3 c5 4.Bg2 cxd4 5.O-O d5 6.Nxd4 Nc6 7.c4 Bc5 8.Nb3 
Bb6 9.cxd5 Nxd5 10.Nc3 Nxc3 11.bxc3 O-O 12.Ba3 Re8 13.Qxd8 Rxd8 14.Rad1 e5
15.Bd5 Bh3 16.Rfe1 Rac8 17.Rd3 a5 18.e4 a4 19.Bc5 Bxc5 20.Nxc5 b5 21.Red1 
g6 22.f3 Na5 23.Na6 Kg7 24.g4 f5 25.gxf5 gxf5 26.Kf2 f4 27.Rb1 Rd6 28.Rg1+
Kh6 29.Nb4 Rcd8 30.Rdd1 Nc4 31.Nc6 R8d7 32.Ke2 Ne3 33.Nxe5 Nxd1 34.Rxd1 
Rc7 35.Nf7+ Rxf7 36.Bxf7 Rd7 37.Be8 Rxd1 38.Kxd1 Bf1 39.Bf7 Bh3 40.Ke2 Bd7
41.Kd3 Kg7 42.Bd5 Kf6 43.Kd4 Bh3 44.e5+ Ke7 45.Ke4 1-0

[Event "5th American Continental (w)"]
[Site "Cali COL"]
[Date "2009.09.01"]
[Round "1.16"]
[White "Perez, Laura"]
[Black "Chirivi Castiblanco, Jenny Astrid"]
[Result "0-1"]
[WhiteElo "1884"]
[BlackElo "2195"]
[EventDate "2009.09.01"]
[PlyCount "60"]

1.d4 d5 2.Nf3 Nf6 3.Bf4 c5 4.c3 Qb6 5.Qb3 c4 6.Qc2 Nc6 7.Nbd2 e6 8.Ne5 Nd7
9.Ndf3 f6 10.Nxd7 Bxd7 11.g3 g5 12.Be3 Ne7 13.Bg2 Nf5 14.Bc1 Nd6 15.Nd2 
Be7 16.O-O g4 17.e4 dxe4 18.Nxe4 Bc6 19.Nxd6+ Bxd6 20.Qe2 Kf7 21.Qxg4 h5 
22.Qe2 h4 23.Re1 Rae8 24.Qxc4 hxg3 25.fxg3 Bxg2 26.Kxg2 Qa5 27.Qe2 Qf5 28.
Rf1 Qh3+ 29.Kf3 Reg8 30.Rg1 Rh4 0-1

[Event "5th American Continental (w)"]
[Site "Cali COL"]
[Date "2009.09.01"]
[Round "1.17"]
[White "Franco Valencia, Beatriz Irene"]
[Black "Tobar, Estefania"]
[Result "1-0"]
[WhiteElo "2188"]
[BlackElo "1840"]
[EventDate "2009.09.01"]
[PlyCount "115"]

1.e4 e5 2.Nf3 Nc6 3.Bb5 a6 4.Ba4 b5 5.Bb3 Nf6 6.Ng5 d5 7.exd5 Nd4 8.d3 
Nxb3 9.axb3 Qxd5 10.O-O h6 11.Nc3 Qc6 12.Qf3 Bb7 13.Qxc6+ Bxc6 14.Nge4 
Nxe4 15.dxe4 Bc5 16.Nd5 Bxd5 17.exd5 Kd7 18.Bd2 c6 19.Bc3 cxd5 20.Bxe5 f6 
21.Bc3 Rhe8 22.Rfd1 Re2 23.Rxd5+ Kc6 24.Rd2 Bxf2+ 25.Kf1 Rxd2 26.Bxd2 Bd4 
27.c3 Be5 28.h3 g5 29.Ke2 b4 30.Ra4 bxc3 31.bxc3 Kb7 32.Rb4+ Kc7 33.Be3 
Rb8 34.Rxb8 Kxb8 35.Kd3 f5 36.Bd4 Bd6 37.g4 fxg4 38.hxg4 Bf8 39.Ke4 Kc7 
40.Kf5 Kd7 41.Bf6 Ke8 42.Ke6 Ba3 43.c4 Bf8 44.Bc3 Kd8 45.Kf7 Bd6 46.Bg7 
Kc7 47.Bxh6 Bf4 48.Kf6 Kc6 49.Bxg5 Bd6 50.Be3 Bb4 51.g5 Bc3+ 52.Kf7 Kd6 
53.g6 Kc6 54.Bg5 Bh8 55.Bf6 Bxf6 56.Kxf6 Kc5 57.g7 Kb4 58.g8=Q 1-0

[Event "5th American Continental (w)"]
[Site "Cali COL"]
[Date "2009.09.01"]
[Round "1.18"]
[White "Felix Vega, Aurora Edith"]
[Black "Morales Mendoza, Luciana"]
[Result "0-1"]
[WhiteElo "1833"]
[BlackElo "2172"]
[EventDate "2009.09.01"]
[PlyCount "54"]

1.e4 e6 2.d4 d5 3.Nd2 dxe4 4.Nxe4 Nd7 5.Bd3 Ngf6 6.Nf3 Nxe4 7.Bxe4 Nf6 8.
Bd3 c5 9.dxc5 Bxc5 10.O-O O-O 11.Bg5 b6 12.Qe2 Bb7 13.Rad1 Qc7 14.Bxf6 
gxf6 15.Be4 Rad8 16.Nh4 Rxd1 17.Rxd1 Bxf2+ 18.Qxf2 Bxe4 19.Qxf6 Qxc2 20.
Re1 Rc8 21.Rf1 Qc5+ 22.Kh1 Qf8 23.h3 Qg7 24.Qf4 Bd5 25.Rf2 f6 26.Qd4 Rc4 
27.Qd3 Rxh4 0-1

[Event "5th American Continental (w)"]
[Site "Cali COL"]
[Date "2009.09.01"]
[Round "1.19"]
[White "Franco Valencia, Angela Maria"]
[Black "Naipal, Victoria"]
[Result "1-0"]
[WhiteElo "2170"]
[BlackElo "1795"]
[EventDate "2009.09.01"]
[PlyCount "61"]

1.e4 e5 2.Nf3 Nc6 3.Bc4 Bc5 4.c3 Nf6 5.d3 a6 6.Bb3 d6 7.O-O O-O 8.Bg5 h6 
9.Bh4 Ba7 10.Nbd2 Qe7 11.Nc4 Be6 12.Ne3 Na5 13.Bc2 Bxe3 14.fxe3 c5 15.Qe1 
Nc6 16.d4 Bc8 17.Bxf6 gxf6 18.Qh4 Kh7 19.d5 Nb8 20.Nd2 Nd7 21.Bd1 Rg8 22.
Bg4 Qf8 23.Bf5+ Kh8 24.Bxd7 Bxd7 25.Rxf6 Rg6 26.Raf1 Qe7 27.Qf2 Rag8 28.
Rxg6 Rxg6 29.Qxf7 Qg5 30.Qf8+ Rg8 31.Qf6+ 1-0

[Event "5th American Continental (w)"]
[Site "Cali COL"]
[Date "2009.09.01"]
[Round "1.20"]
[White "Herrera Rincon, Wilene"]
[Black "Heredia Serrano, Carla"]
[Result "0-1"]
[WhiteElo "1737"]
[BlackElo "2152"]
[EventDate "2009.09.01"]
[PlyCount "92"]

1.e4 c6 2.g3 d5 3.Nc3 d4 4.Nb1 Nf6 5.d3 Bg4 6.Nf3 e5 7.Bg2 Bd6 8.O-O Nbd7 
9.a4 a5 10.Nbd2 O-O 11.h3 Bxf3 12.Nxf3 b5 13.Nh4 Nb6 14.axb5 cxb5 15.f4 
Nbd7 16.Nf5 Qc7 17.Nxd6 Qxd6 18.fxe5 Nxe5 19.Bf4 Nfd7 20.Kh2 a4 21.g4 Rac8
22.Qd2 Rc6 23.Bg3 Rfc8 24.Rac1 b4 25.Rf2 b3 26.c3 dxc3 27.Rxc3 Rxc3 28.
bxc3 Qxd3 29.Qf4 Rxc3 30.Rd2 Qxg3+ 31.Qxg3 Rxg3 32.Kxg3 a3 33.Rd4 b2 34.
Ra4 b1=Q 35.Ra8+ Qb8 36.Rxb8+ Nxb8 37.Kf4 a2 38.Kxe5 a1=Q+ 39.Kf4 Qg1 40.
Kg3 Nc6 41.Kf3 Nd4+ 42.Kg3 Qe1+ 43.Kh2 Ne2 44.h4 Qxh4+ 45.Bh3 Qxg4 46.Kh1 
Qg1# 0-1

[Event "5th American Continental (w)"]
[Site "Cali COL"]
[Date "2009.09.01"]
[Round "1.21"]
[White "Mateus Urbano, Martha"]
[Black "Talavera Paredes, Ana"]
[Result "1-0"]
[WhiteElo "2143"]
[BlackElo "1607"]
[EventDate "2009.09.01"]
[PlyCount "51"]

1.e4 c5 2.Nf3 d6 3.d4 cxd4 4.Nxd4 Nf6 5.Nc3 a6 6.Bg5 e6 7.f4 Be7 8.Qf3 Qc7
9.O-O-O b5 10.Bxf6 Bxf6 11.Bxb5+ axb5 12.Ndxb5 Qc6 13.Nxd6+ Ke7 14.e5 Qxf3
15.exf6+ gxf6 16.gxf3 Nc6 17.Rhe1 Kf8 18.Nxc8 Rxc8 19.Rd7 f5 20.Nb5 Ke8 
21.Red1 Rd8 22.Nc7+ Kf8 23.Rxd8+ Nxd8 24.Rxd8+ Kg7 25.Rxh8 Kxh8 26.a4 1-0

[Event "5th American Continental (w)"]
[Site "Cali COL"]
[Date "2009.09.02"]
[Round "3.1"]
[White "Fierro Baquero, Martha"]
[Black "Linares Napoles, Oleiny"]
[Result "1/2-1/2"]
[WhiteElo "2386"]
[BlackElo "2265"]
[EventDate "2009.09.01"]
[PlyCount "52"]

1.e4 d6 2.d4 Nf6 3.Nc3 g6 4.Bg5 Bg7 5.Qd2 h6 6.Bh4 Nbd7 7.O-O-O g5 8.Bg3 
Nh5 9.e5 Nb6 10.Qe3 Nxg3 11.hxg3 e6 12.f4 Qe7 13.Nf3 gxf4 14.gxf4 Bd7 15.
Kb1 O-O-O 16.g4 Bc6 17.Be2 dxe5 18.dxe5 f6 19.exf6 Qxf6 20.g5 hxg5 21.fxg5
Qf5 22.Rxh8 Bxh8 23.Rxd8+ Kxd8 24.Nd4 Qe5 25.Nxc6+ Ke8 26.Qxe5 Bxe5 
1/2-1/2

[Event "5th American Continental (w)"]
[Site "Cali COL"]
[Date "2009.09.02"]
[Round "3.2"]
[White "Sanchez Castillo, Sarai"]
[Black "Cori Tello, Deysi"]
[Result "1-0"]
[WhiteElo "2224"]
[BlackElo "2361"]
[EventDate "2009.09.01"]
[PlyCount "75"]

1.e4 e5 2.Nf3 Nc6 3.Bc4 Nf6 4.d3 Be7 5.c3 O-O 6.Nbd2 a6 7.Bb3 d6 8.Nf1 Nh5
9.h3 Be6 10.Ne3 Qd7 11.Bc2 Nf4 12.g3 Ng6 13.h4 f5 14.h5 Nh8 15.d4 exd4 16.
exf5 Bxf5 17.Nxf5 Rxf5 18.Bxf5 Qxf5 19.O-O Nf7 20.Nxd4 Qh3 21.Qf3 Nfe5 22.
Qd5+ Kh8 23.h6 g6 24.Bf4 Rf8 25.Nxc6 Nxc6 26.Rae1 Qf5 27.Qxf5 Rxf5 28.Rxe7
Nxe7 29.Re1 Ng8 30.Re8 g5 31.Be3 c5 32.c4 b5 33.b3 b4 34.Bc1 d5 35.cxd5 
Rxd5 36.Bb2+ Rd4 37.Kf1 g4 38.Ke2 1-0

[Event "5th American Continental (w)"]
[Site "Cali COL"]
[Date "2009.09.02"]
[Round "3.3"]
[White "Ramon Pita, Vivian"]
[Black "Arribas Robaina, Maritza"]
[Result "1/2-1/2"]
[WhiteElo "2217"]
[BlackElo "2328"]
[EventDate "2009.09.01"]
[PlyCount "42"]

1.d4 d5 2.Nf3 Nf6 3.e3 g6 4.c4 c6 5.b3 Bg7 6.Bb2 O-O 7.Nbd2 Bf5 8.h3 Qa5 
9.a3 Ne4 10.b4 Qc7 11.cxd5 Nxd2 12.Qxd2 cxd5 13.Rc1 Qd6 14.Be2 Nd7 15.O-O 
Rfc8 16.Rxc8+ Rxc8 17.Rc1 Rxc1+ 18.Qxc1 Nb6 19.Nd2 h5 20.Nb3 Qd7 21.Nc5 
Qc7 1/2-1/2

[Event "5th American Continental (w)"]
[Site "Cali COL"]
[Date "2009.09.02"]
[Round "3.4"]
[White "Orozco Lopez, Luz Elena"]
[Black "Vasquez Ramirez, Rocio"]
[Result "0-1"]
[WhiteElo "2118"]
[BlackElo "2285"]
[EventDate "2009.09.01"]
[PlyCount "111"]

1.e4 c5 2.Nf3 e6 3.d4 cxd4 4.Nxd4 a6 5.Nc3 b5 6.Bd3 Qb6 7.Nf3 Nc6 8.O-O d6
9.Re1 Ne5 10.Be3 Qc7 11.Nd4 Bd7 12.f4 Nc4 13.Bxc4 Qxc4 14.e5 d5 15.Qf3 g6 
16.Nce2 Rc8 17.Red1 Bg7 18.Rd3 Qb4 19.Rb3 Qa5 20.Ra3 Qc7 21.Rxa6 Qb7 22.
Ra3 f6 23.Qg3 Ne7 24.Rb3 O-O 25.Nc3 fxe5 26.fxe5 Qc7 27.Ncxb5 Bxb5 28.Nxb5
Qxc2 29.Nd4 Qe4 30.Qh3 Nf5 31.Nxe6 Bxe5 32.Ng5 Qh4 33.Qxh4 Nxh4 34.Rd1 Rc2
35.g3 Nf5 36.Ba7 d4 37.Ne6 Re8 38.Ng5 Ne3 39.Re1 Rf8 40.Ne4 Re2 41.Rxe3 
Rxe3 42.Rxe3 dxe3 43.Bxe3 Bxb2 44.Kg2 Ra8 45.h4 Rxa2 46.Kf3 Ra3 47.Kf4 Bg7
48.Ng5 Bh6 49.Ke4 Bxg5 50.hxg5 Kf7 51.Bf4 Ke6 52.Bc7 Ra4+ 53.Kf3 Kf5 54.
Bf4 Ra3+ 55.Kg2 Kg4 56.Kg1 0-1

[Event "5th American Continental (w)"]
[Site "Cali COL"]
[Date "2009.09.02"]
[Round "3.5"]
[White "Lujan, Carolina"]
[Black "Castrillon Gomez, Melissa"]
[Result "1-0"]
[WhiteElo "2295"]
[BlackElo "2031"]
[EventDate "2009.09.01"]
[PlyCount "76"]

1.e4 c5 2.c3 d5 3.exd5 Qxd5 4.d4 e6 5.Nf3 Nc6 6.Na3 Nf6 7.Be3 cxd4 8.Nb5 
Qd8 9.Nbxd4 Bd7 10.Nxc6 bxc6 11.Bd3 Ng4 12.Bf4 Bc5 13.O-O f5 14.b4 Bb6 15.
Qe2 O-O 16.Ne5 Nxe5 17.Bxe5 Qg5 18.Rad1 Rf7 19.Kh1 c5 20.f4 Qh4 21.Bc4 Re8
22.b5 Bc8 23.a4 Bb7 24.a5 Bxa5 25.Qa2 Qg4 26.Rd3 Bc7 27.Rg3 Qh5 28.Bxe6 
Bxe5 29.Bxf7+ Qxf7 30.Qxf7+ Kxf7 31.fxe5 Rxe5 32.Rd3 Ke6 33.Rdd1 c4 34.Rb1
Kd6 35.Rf2 Kc5 36.Ra2 g6 37.Kg1 Kb6 38.Rf2 Be4 1-0

[Event "5th American Continental (w)"]
[Site "Cali COL"]
[Date "2009.09.02"]
[Round "3.6"]
[White "Marrero Lopez, Yaniet"]
[Black "Morales Mendoza, Luciana"]
[Result "0-1"]
[WhiteElo "2259"]
[BlackElo "2172"]
[EventDate "2009.09.01"]
[PlyCount "48"]

1.e4 e6 2.d4 d5 3.Nd2 c5 4.Ngf3 cxd4 5.exd5 Qxd5 6.Bc4 Qd6 7.O-O Nf6 8.Nb3
Nc6 9.Nbxd4 Nxd4 10.Nxd4 a6 11.a4 Qc7 12.Qe2 Bd6 13.Nf3 O-O 14.Bg5 b6 15.
Bxf6 gxf6 16.Qe4 Bb7 17.Qg4+ Kh8 18.Qh4 Rg8 19.Qxf6+ Rg7 20.Bd3 Be7 21.Qd4
Bxf3 22.g3 Rd8 23.Qe3 Bb7 24.Qe2 Bc5 0-1

[Event "5th American Continental (w)"]
[Site "Cali COL"]
[Date "2009.09.02"]
[Round "3.8"]
[White "Ordaz Valdes, Lisandra"]
[Black "Aliaga Fernandez, Ingrid"]
[Result "1/2-1/2"]
[WhiteElo "2283"]
[BlackElo "2140"]
[EventDate "2009.09.01"]
[PlyCount "52"]

1.d4 Nf6 2.c4 c5 3.d5 e6 4.Nc3 exd5 5.cxd5 d6 6.e4 g6 7.f4 Bg7 8.Bb5+ Bd7 
9.e5 Nh5 10.Nf3 O-O 11.Bxd7 Qxd7 12.O-O Re8 13.Re1 Na6 14.Qb3 Nb4 15.e6 
fxe6 16.Rxe6 Bxc3 17.bxc3 Nd3 18.Qc4 Nxc1 19.Rxc1 Ng7 20.Ree1 b5 21.Qd3 
Rxe1+ 22.Rxe1 Re8 23.Rxe8+ Qxe8 24.Kf2 a5 25.Ng5 Qd7 26.Ne4 Ne8 1/2-1/2

[Event "5th American Continental (w)"]
[Site "Cali COL"]
[Date "2009.09.02"]
[Round "3.9"]
[White "Ortiz Aguirre, Nadya Karolina"]
[Black "Ubaldo Suarez, Maria Gisela"]
[Result "1-0"]
[WhiteElo "2218"]
[BlackElo "2120"]
[EventDate "2009.09.01"]
[PlyCount "57"]

1.e4 c5 2.Nf3 d6 3.d4 cxd4 4.Nxd4 Nf6 5.Nc3 g6 6.Be3 Bg7 7.f3 O-O 8.Qd2 
Nc6 9.Bc4 Bd7 10.O-O-O Rc8 11.Bb3 Ne5 12.Kb1 Nc4 13.Bxc4 Rxc4 14.g4 b5 15.
b3 Rc5 16.Ne6 fxe6 17.Bxc5 dxc5 18.e5 Nd5 19.Nxd5 exd5 20.Qxd5+ Kh8 21.
Rhe1 Qb8 22.Qxd7 Bxe5 23.Qxe7 Bf6 24.Qxc5 a5 25.g5 Bg7 26.Re7 Rxf3 27.Rxg7
Kxg7 28.Rd7+ Rf7 29.Qd4+ 1-0

[Event "5th American Continental (w)"]
[Site "Cali COL"]
[Date "2009.09.02"]
[Round "3.10"]
[White "Llaudy Pupo, Lisandra"]
[Black "Orozco Lopez, Lina Yomayra"]
[Result "1-0"]
[WhiteElo "2212"]
[BlackElo "2117"]
[EventDate "2009.09.01"]
[PlyCount "63"]

1.e4 c5 2.Nf3 Nc6 3.d3 e6 4.g3 d5 5.Nbd2 Bd6 6.Bg2 Nge7 7.O-O Qc7 8.Re1 d4
9.Nc4 e5 10.Nh4 b5 11.Nxd6+ Qxd6 12.a4 b4 13.f4 f6 14.fxe5 fxe5 15.Rf1 Bd7
16.Nf5 Bxf5 17.exf5 O-O 18.Be4 Rab8 19.Qh5 Nd5 20.f6 Nxf6 21.Rxf6 Rxf6 22.
Qxh7+ Kf7 23.Bg5 b3 24.cxb3 Ke8 25.Bxf6 gxf6 26.Bxc6+ Qxc6 27.Qg8+ Ke7 28.
Qxb8 Qf3 29.Qxa7+ Ke6 30.Qa6+ Kf7 31.Rf1 Qe3+ 32.Kh1 1-0